| 000 | 00448nam a22001937a 4500 | ||
|---|---|---|---|
| 003 | OSt | ||
| 008 | 230324b |||||||| |||| 00| 0 eng d | ||
| 020 | _a9788177588507 | ||
| 082 | _a659.1 BAA | ||
| 100 | _aBATRA,Rajeev | ||
| 245 | _aAdvertising Management | ||
| 250 | _a5th Ed | ||
| 260 |
_aUP _bPearson _c2022 |
||
| 300 | _a768 | ||
| 650 | _aAdvertising Management | ||
| 700 | _aMYERS,John G | ||
| 700 | _aAAKER,David A | ||
| 942 |
_2ddc _cREF |
||
| 999 |
_c11876 _d11876 |
||